Сталин... или Гитлер? - Statistics

General Stats
  • This quiz has been taken 3 640 times
  • The average score is 11 of 15
Answer Stats
Question Answer % Correct
В молодости подрабатывал художником Гитлер
95%
Был усатый Оба
91%
Покончил жизнь самоубийством Гитлер
91%
Родился в Австрии Гитлер
90%
В его честь был назван город Сталин
89%
Был вегетарианцем Гитлер
88%
Дожил до 70 лет Сталин
88%
Родился под другой фамилией Сталин
77%
У него были дети Сталин
75%
Учился на священника Сталин
73%
Был награжденным солдатом Первой мировой войны Гитлер
67%
Организовал Олимпийские игры во время своего руководства Гитлер
56%
Войска его страны вошли в Польшу в 1939 Оба
48%
Был в тюрьме Оба
30%
Был назван «Человеком года» по версии журнала Time. Оба
13%
No matching quizzes found
Score Distribution
Percent of People with Each Score
Percentile by Number Answered
Your Score History
You have not taken this quiz